Estatísticas para Países que fazem fronteira com Brasil

Clique aqui para jogar o quiz

Estatísticas Gerais

  • Esse quiz foi jogado 3,106 vezes
  • A pontuação média é 9 de 10

Estatísticas das Respostas

Comprimento País % Correto
1 261 kmArgentina
99%
1 365 kmParaguai
98%
1 068 kmUruguai
98%
3 423 kmBolívia
96%
2 200 kmVenezuela
96%
1 644 kmColômbia
96%
1 606 kmGuiana
95%
2 995 kmPeru
94%
593 kmSuriname
93%
730 kmFrança (Guiana Francesa)
81%

Distribuição das Pontuações

Percentil de Números Respondidos

Porcentagem de Pessoas com Cada Pontuação

Sua Pontuação Histórica

Você não jogou esse quiz